000 00740nam a2200241 a 4500
001 42831
003 BD-RjUL
005 20211209053612.0
008 16066 s1955 nyua 000 0 eng
035 _a(BD-RjUL)42949
035 _a812862
040 _aOCLC
_beng
_cOCLC
_dOCLC
_dBD-RjUL
041 _aeng
082 0 4 _a321.82
_223
_bKEW 1955
100 1 _aKetchum, Richard M.
_d1922-
_9131606
245 1 0 _aWhat is democracy :
_bintrod. by Dr. Grayson Kirk , President of columbia University /
_cRichard M. Ketchum, Will Anderson and Ruth Traurig
250 _a[1st ed.]
260 _aNew York :
_bDutton,
_c1955,
300 _a191 p. :
_bill ;
_c28 cm.
650 0 _aDemocracy.
_9131607
650 0 _aLiberty.
_9125356
942 _2ddc
_cBK
999 _c42831
_d42831